| 000 | 00658nam a2200241Ia 4500 | ||
|---|---|---|---|
| 003 | OSt | ||
| 005 | 20220926023123.0 | ||
| 006 | a|||||r|||| 00| 0 | ||
| 007 | ta | ||
| 008 | 220923b |||||||| |||| 00| 0 eng d | ||
| 037 | _cGeneral Book | ||
| 040 |
_aRTL _cRTL _beng |
||
| 041 |
_2eng _aeng |
||
| 082 | _aX:8K, M3 | ||
| 100 |
_aBrownstone David M _9318764 |
||
| 245 | 0 | _aManager's advisor | |
| 260 |
_aNew York _bWiley U S A _c1983 |
||
| 300 |
_aviii, 584p. _ccm. |
||
| 650 | _aCost Accuounts | ||
| 700 |
_a Franck Irene M _9328715 |
||
| 942 |
_hX:8K, M3 _cGB _2CC |
||
| 999 |
_c640993 _d640993 |
||